Países más grandes por categoría - Estadísticas

Estadísticas generales
  • Esta prueba ha sido intentada 11.121 veces
  • La puntuación promedio es 14 de 21
Estadísticas de respuestas
Categoría País % Correcto
En América del Sur Brasil
100%
En América del Norte Canadá
100%
En el mundo Rusia
100%
Enteramente en Asia China
92%
Hablante del español Argentina
90%
Enteramente en las islas del Caribe Cuba
86%
En África Argelia
85%
Enteramente en Europa Ucrania
81%
En Medio Oriente (Próximo Oriente) Arabia Saudita
79%
En América Central Nicaragua
79%
Sin fronteras Australia
74%
En África - antes del 2011 Sudán
69%
Sin litoral Kazajistán
62%
Sin litoral en África Chad
59%
Comenzando con la letra V Venezuela
56%
Sin litoral en Europa Bielorrusia
53%
En el mar Egeo Turquía
39%
Limitando el mar Arábigo India
32%
Con un nombre de 4 letras Irán
28%
Enteramente al norte de 50° N Suecia
28%
Población < 10 millones Libia
10%
No se encontraron pruebas coincidentes
Distribución de puntuación
Porcentaje de gente con cada puntuación
Porcentaje por número respondido
Historial de tus puntuaciones
No has intentado esta prueba.